000 00526nam a2200157 4500
001 109530
003 ES-MaACL
007 t|
008 061121s1972 sp r ||||1| spa d
100 1 _aOltra, Joaquín.
_987022
245 1 3 _aLa influencia norteamericana en la Costitución española de 1869 /
_cJoaquín Oltra.
260 _aMadrid :
_bInstituto de Estudios Administrativos,
_c1972.
300 _a194 p. ;
_c24 cm.
710 2 _aInstituto de Estudios Administrativos (Madrid)
_94880
852 _aES-MaACL
_jE-5314
_bR.89696
999 _c109530
_d109530